| 000 | 01266nam a2200313 a 4500 | ||
|---|---|---|---|
| 001 | 000008554 | ||
| 003 | DO-SdBNP | ||
| 005 | 20240306073904.0 | ||
| 008 | 090917s1997 dr ac 001 0 spa d | ||
| 040 |
_aDO-SdBNP _bspa _cBNPHU |
||
| 082 | 4 |
_aRD868.44 _bA385ve _222 |
|
| 100 | 1 |
_aAlfau Durán, Vetilio, _d1909-1985 _910091 |
|
| 245 | 1 | 0 |
_aVetilio Alfau Durán en Anales : _bescritos y documentos / _cVetilio Alfau Durán ; compiladores Arístides Incháustegui, Blanca Delgado Malagón. |
| 260 |
_aSanto Domingo : _bBanco de Reservas, _c1997. |
||
| 300 |
_a1008 p. : _bil., retr. ; _c24 cm. |
||
| 490 | 1 | _aBanreservas | |
| 500 | _aIncluye índice onomástico | ||
| 600 | 1 | 4 |
_aALFAU DURÁN, VETILIO, _d1905-1985 _xCOLECCIÓN DE ESCRITOS _922925 |
| 651 | 4 |
_aRepública Dominicana _xHistoria _xFuentes _912135 |
|
| 651 | 4 |
_aRepública Dominicana _xHistoriografía _91457 |
|
| 651 | 4 |
_aRepública Dominicana _xBibliografía _922926 |
|
| 651 | 4 |
_aRepública Dominicana _xBiografía _910879 |
|
| 700 | 1 |
_aIncháustegui Cabral, Héctor, _d1912-1979 _ecomp. _921024 |
|
| 700 | 1 |
_aDelgado Malagón, Blanca, _ecomp. _922928 |
|
| 730 | 0 |
_aAnales (República Dominicana) _922929 |
|
| 830 | 0 |
_aBanreservas _99258 |
|
| 910 | _aValidado. Control de calidad BNPHU | ||
| 942 |
_2ddc _cLBS1 |
||
| 999 |
_c8324 _d8324 |
||